00438 a2200109 4500001001000000005001700010008004100027245012600068100003500194700002400229773007500253ART_4480920260410162024.0260409a 10aUna metodología innovadora para la caracterización de la situación de salud de las poblaciones indígenas de Chile1 aPedrero Sanhueza, Malva-Marina1 aOyarce, Ana María0 tNotas de poblacióng- Año XXXVI, Nº 89 (jul./dic. 2009)wREV41841